[Event "EUR-ASIA Rapid Match Women"]
[Site "Batumi GEO"]
[Date "2001.09.18"]
[Round "6"]
[White "Chiburdanidze,M"]
[Black "Xu Yuhua"]
[Result "0-1"]
[WhiteElo "2513"]
[BlackElo "2502"]
[EventDate "2001.09.17"]

1. d4 Nf6 2. c4 e6 3. Nc3 Bb4 4. e3 O-O 5. Nge2 d5 6. a3 Be7 7. cxd5 exd5
8. b4 c6 9. Ng3 Re8 10. Bd3 Bd6 11. O-O Qc7 12. Bd2 Nbd7 13. Rc1 a6 14. Qb3
h5 15. Rfe1 h4 16. Nf1 Ng4 17. f4 Ndf6 18. h3 Nh6 19. e4 dxe4 20. Nxe4 Nxe4
21. Bxe4 Bf5 22. Bf3 Bxf4 23. Bxf4 Qxf4 24. d5 cxd5 25. Qxd5 b5 26. Qd2
Qxd2 27. Nxd2 Rxe1+ 28. Rxe1 Rd8 29. Ne4 Rd3 30. Ra1 Bc8 31. Nc5 Rc3 32. a4
bxa4 33. Rxa4 Bxh3 34. Rxa6 Bg4 35. Bd5 Be2 36. Ra7 Rc1+ 37. Kf2 Bc4 38.
Bf3 g5 39. Ne4 Nf5 40. Nxg5 Rf1+ 0-1

[Event "EUR-ASIA Rapid Match Women"]
[Site "Batumi GEO"]
[Date "2001.09.19"]
[Round "7"]
[White "Gurieli,N"]
[Black "Xu Yuhua"]
[Result "0-1"]
[WhiteElo "2347"]
[BlackElo "2502"]
[EventDate "2001.09.17"]

1. Nf3 Nf6 2. c4 b6 3. g3 Bb7 4. Bg2 e6 5. O-O Be7 6. Nc3 O-O 7. b3 c5 8.
Bb2 Nc6 9. d4 cxd4 10. Nxd4 a6 11. Nxc6 Bxc6 12. e4 Qb8 13. Qe2 d6 14. Rfd1
Qb7 15. Rac1 b5 16. cxb5 axb5 17. b4 Rab8 18. a3 Rfd8 19. Qc2 Rdc8 20. Qb1
Bf8 21. Re1 Nd7 22. Ne2 e5 23. Nc3 Nb6 24. Qd3 Nc4 25. Rb1 Ra8 26. a4 Nxb2
27. Rxb2 bxa4 28. b5 Bd7 29. Ra1 Ra5 30. Rxa4 Rxc3 31. Qxc3 Rxa4 32. Rb1
Qb6 33. Bf1 Rxe4 34. Ra1 Rd4 35. Ra6 Qb7 36. Qa5 Rd1 37. Ra8 Qxb5 0-1

[Event "EUR-ASIA Rapid Match Women"]
[Site "Batumi GEO"]
[Date "2001.09.19"]
[Round "7"]
[White "Kovalevskaya,E"]
[Black "Hoang Thanh Trang"]
[Result "1-0"]
[WhiteElo "2507"]
[BlackElo "2445"]
[EventDate "2001.09.17"]

1. e4 e6 2. d4 d5 3. Nc3 Nf6 4. Bg5 Bb4 5. exd5 exd5 6. Qf3 Nbd7 7. O-O-O
O-O 8. Nxd5 Be7 9. Nxe7+ Qxe7 10. Bd3 c5 11. Ne2 cxd4 12. Nxd4 Qc5 13. Qg3
g6 14. Qh4 Qb6 15. Rhe1 h5 16. Bc4 Kg7 17. Qf4 Ng8 18. Re8 Ndf6 19. Rxf8
Kxf8 20. Bh6+ Ke7 21. Qe5+ Be6 22. Nxe6 fxe6 23. Be3 Qc6 24. Bc5+ Kf7 25.
Rd6 Qxg2 26. Bxe6+ Kg7 27. Bxg8 Qg1+ 28. Rd1 Qg4 29. Be6 1-0

[Event "EUR-ASIA Rapid Match Women"]
[Site "Batumi GEO"]
[Date "2001.09.19"]
[Round "8"]
[White "Xu Yuhua"]
[Black "Gurieli,N"]
[Result "1-0"]
[WhiteElo "2502"]
[BlackElo "2347"]
[EventDate "2001.09.17"]

1. e4 g6 2. d4 Bg7 3. Nc3 d6 4. Nf3 Nf6 5. Be2 O-O 6. O-O Bg4 7. h3 Bxf3 8.
Bxf3 Nc6 9. d5 Ne5 10. Be2 c6 11. f4 Ned7 12. dxc6 bxc6 13. Be3 Qa5 14. a3
c5 15. Rb1 Rab8 16. Kh2 c4 17. Qd2 Qc7 18. Bd4 e5 19. Be3 Rfe8 20. f5 Qc6
21. fxg6 hxg6 22. Bf3 Nc5 23. Qf2 Qc7 24. Bxc5 dxc5 25. Be2 Rf8 26. Bxc4
Rbd8 27. Qe3 Qe7 28. Rf3 Kh7 29. Rbf1 Rd4 30. Nd5 Nxd5 31. Bxd5 f6 32. Qe1
Bh6 33. R1f2 Kg7 34. c3 Ra4 35. Qf1 Bf4+ 36. g3 Bg5 37. Qb5 Qe8 38. Bc6 Qe6
39. Qxa4 Rh8 40. Qxa7+ Kf8 41. Qb8+ Kg7 42. Qc7+ Kh6 43. Bd5 Qa6 44. h4 Rh7
45. Qxc5 Qa4 46. b3 Qd7 47. Qf8+ Kh5 48. Rxf6 Qg4 49. Rxg6 Kxg6 50. Bf7+
Rxf7 51. Qxf7+ Kh6 52. hxg5+ 1-0

[Event "EUR-ASIA Rapid Match Women"]
[Site "Batumi GEO"]
[Date "2001.09.19"]
[Round "8"]
[White "Hoang Thanh Trang"]
[Black "Kovalevskaya,E"]
[Result "0-1"]
[WhiteElo "2445"]
[BlackElo "2507"]
[EventDate "2001.09.17"]

1. d4 d6 2. c4 e5 3. Nf3 Nd7 4. Nc3 Ngf6 5. e4 Be7 6. Be2 O-O 7. O-O c6 8.
Qc2 a6 9. Rd1 Qc7 10. Bg5 Re8 11. h3 Nf8 12. c5 dxc5 13. dxe5 N6d7 14. Bf4
Ne6 15. Bg3 b5 16. a4 Bb7 17. axb5 axb5 18. Rxa8 Rxa8 19. Nd5 cxd5 20. exd5
Bxd5 21. Rxd5 Ra1+ 22. Rd1 Qa5 23. Kh2 Rxd1 24. Qxd1 Ndf8 25. Qd5 Ng6 26.
Qd7 c4 27. Qe8+ Bf8 28. Nh4 Qd8 29. Qxd8 Nxd8 30. Nf5 Ne6 31. Nd6 Nef4 32.
Bf3 Nxe5 33. Nxb5 Nxf3+ 34. gxf3 Nd3 35. Kg2 Nxb2 36. Kf1 f6 37. Ke2 Kf7
38. Kd2 Na4 39. Ke3 Bc5+ 40. Ke4 Ke6 41. Nc7+ Kd7 42. Na6 Kc6 43. Nb8+ Kb5
44. Nd7 Nc3+ 45. Kf5 Ne2 46. Ke4 Nxg3+ 47. fxg3 Kb4 48. g4 Bf2 49. g5 c3
50. gxf6 gxf6 51. Kd3 Kb3 52. Nxf6 c2 53. Ne4 c1=Q 54. Nxf2 Qf4 55. Ke2 Kc3
56. Ng4 Kd4 57. Kf2 h5 58. Kg2 hxg4 59. hxg4 Ke3 60. Kh3 Qxf3+ 61. Kh4 Kf4
62. Kh5 Qxg4+ 63. Kh6 Kf5 64. Kh7 Kf6 0-1